000
00261nam a22001097a 4500
082
_a
665.7 BRA'M
100
_a
BRAKER, WILLIAM,MOSSMAN, ALLAN L
_9
76200
245
_a
MATHESON GAS DATA BOOK
260
_a
NEWJERSCY
_b
NATHESON
_c
1971
300
_a
54P
942
_c
BK
999
_c
581605
_d
581605